000 00720nam a2200265Ia 4500
003 OSt
005 20221006140718.0
006 a|||||r|||| 00| 0
007 ta
008 221006b |||||||| |||| 00| 0 jpn d
020 _c¥2884
024 _a447
037 _bGift, Japan Foundation
_cTextual
040 _aEASL
_cEASL
_bjpn
041 _2jpn
_ajpn
082 _aV42.N9, N5
100 _aREKISHIGAKU KENKYUKAI Ed.
_9643268
245 0 _aSengo gojunen o do miruka
260 _aTokyo
_bAoki Shoten Japan
_c1995
300 _a270p.
_ccm.
490 _v JL
650 _aJL
942 _hV42.N9, N5
_cTEXL
_2CC
999 _c1068534
_d1068534